000 00237nam a22001217a 4500
020 _a0-340-75281-5
082 _a823
_bBUT/J
100 _aBUTTERWORTH, NICK
245 _aJAKE
260 _bNICK BUTTER WORTH
300 _a61
942 _cBK
999 _c5717
_d5717